=LDR 00000nam 2200000 4500 =001 INLIS000000000016624 =005 20130612111907 =008 ***********************************Ind** =035 ##$$0010-061300000016624 =041 ##$$a Ind =082 ##$$a 301.07 =090 ##$$a 301.07, Pan p =245 ##$$a Panduan belajar antropologi untuk SMU, Drs. Taufik Rahman Dhahiri...[et.al] =260 ##$$a 2003 $b Bogor =300 ##$$a xii, 234 hlm, ilus, 24 cm =650 ##$$a Antropologi-studi dan Pengajaran =700 ##$$a Dahhiri, Taifiq Rahman =850 ##$$a NBPNMAT